
Library Catalogue

| 000 -LEADER | |
|---|---|
| fixed length control field | 02246cam a2200397 i 4500 |
| 001 - CONTROL NUMBER | |
| control field | 18822096 |
| 005 - DATE AND TIME OF LATEST TRANSACTION | |
| control field | 20260203105437.0 |
| 008 - FIXED-LENGTH DATA ELEMENTS--GENERAL INFORMATION | |
| fixed length control field | 151016s2016 mau b 001 0 eng c |
| 010 ## - LIBRARY OF CONGRESS CONTROL NUMBER | |
| LC control number | 2015039151 |
| 020 ## - INTERNATIONAL STANDARD BOOK NUMBER | |
| International Standard Book Number | 9780674984066 (paperback) |
| 035 ## - SYSTEM CONTROL NUMBER | |
| System control number | 18822096 |
| 040 ## - CATALOGING SOURCE | |
| Original cataloging agency | MH/DLC |
| Language of cataloging | eng |
| Transcribing agency | MH |
| Description conventions | rda |
| Modifying agency | DLC |
| 041 1# - LANGUAGE CODE | |
| Language code of text/sound track or separate title | eng |
| Language code of original | ita |
| 042 ## - AUTHENTICATION CODE | |
| Authentication code | pcc |
| 043 ## - GEOGRAPHIC AREA CODE | |
| Geographic area code | e-it--- |
| 082 00 - DEWEY DECIMAL CLASSIFICATION NUMBER | |
| Classification number | 851.1 SAN |
| Edition number | 23 |
| 100 1# - MAIN ENTRY--PERSONAL NAME | |
| Personal name | Santagata, Marco, |
| Relator term | author. |
| 240 10 - UNIFORM TITLE | |
| Uniform title | Dante. |
| Language of a work | English |
| 245 10 - TITLE STATEMENT | |
| Title | Dante : |
| Remainder of title | the story of his life / |
| Statement of responsibility, etc. | Marco Santagata ; translated by Richard Dixon. |
| 264 #1 - PRODUCTION, PUBLICATION, DISTRIBUTION, MANUFACTURE, AND COPYRIGHT NOTICE | |
| Place of production, publication, distribution, manufacture | Cambridge, Massachusetts : |
| Name of producer, publisher, distributor, manufacturer | The Belknap Press of Harvard University Press, |
| Date of production, publication, distribution, manufacture, or copyright notice | 2016. |
| 300 ## - PHYSICAL DESCRIPTION | |
| Extent | 485 pages ; |
| Dimensions | 25 cm |
| 336 ## - CONTENT TYPE | |
| Content type term | text |
| Source | rdacontent |
| 365 ## - TRADE PRICE | |
| Price amount | Rs. 1574.00 |
| 500 ## - GENERAL NOTE | |
| General note | First published as Dante : il romanzo della sua vita. Milano : Arnoldo Mondadore Editore, 2012. |
| 504 ## - BIBLIOGRAPHY, ETC. NOTE | |
| Bibliography, etc. note | Includes bibliographical references and index. |
| 505 0# - FORMATTED CONTENTS NOTE | |
| Formatted contents note | Part One: Florence -- Childhood (1265-1283) -- A strange Florentine (1283-1295) -- Municipal man (1295-1301) -- Condemned to the stake (1301-1302) -- Part Two: Exile -- At war with Florence (1302-1304) -- Return to study and writing (1304-1306) -- The penitent (1306-1310) -- An emperor arrives (1310-1313) -- The prophet (1314-1315) -- Courtier (1316-1321). |
| 520 ## - SUMMARY, ETC. | |
| Summary, etc. | "Marco Santagata illuminates one of the world's supreme poets from many angles--philosopher, father, courtier, political partisan. He brings together a vast body of Italian scholarship on Dante's medieval world, untangles a complex web of family relationships for English readers, and shows the influence of local and regional politics on his writing."--Provided by publisher. |
| 600 00 - SUBJECT ADDED ENTRY--PERSONAL NAME | |
| Personal name | Dante Alighieri, |
| Dates associated with a name | 1265-1321. |
| 650 #0 - SUBJECT ADDED ENTRY--TOPICAL TERM | |
| Topical term or geographic name entry element | Poets, Italian |
| Chronological subdivision | To 1500 |
| Form subdivision | Biography. |
| 655 #7 - INDEX TERM--GENRE/FORM | |
| Genre/form data or focus term | Biographies. |
| Source of term | lcgft |
| Authority record control number or standard number | https://id.loc.gov/authorities/genreForms/gf2014026049 |
| 765 08 - ORIGINAL LANGUAGE ENTRY | |
| Relationship information | Translation of: |
| Main entry heading | Santagata, Marco. |
| Title | Dante. |
| Edition | 1. ed. |
| Place, publisher, and date of publication | Milano : Mondadori, 2012 |
| International Standard Book Number | 9788804620266 |
| Record control number | (DLC) 2012502863 |
| -- | (OCoLC)811124381 |
| 906 ## - LOCAL DATA ELEMENT F, LDF (RLIN) | |
| a | 7 |
| b | cbc |
| c | orignew |
| d | 1 |
| e | ecip |
| f | 20 |
| g | y-gencatlg |
| 942 ## - ADDED ENTRY ELEMENTS (KOHA) | |
| Source of classification or shelving scheme | Dewey Decimal Classification |
| Koha item type | BOOKs |
| Withdrawn status | Lost status | Source of classification or shelving scheme | Materials specified (bound volume or other part) | Damaged status | Not for loan | Home library | Current library | Shelving location | Date acquired | Source of acquisition | Cost, normal purchase price | Total Checkouts | Full call number | Barcode | Date last seen | Price effective from | Koha item type | Public note |
|---|---|---|---|---|---|---|---|---|---|---|---|---|---|---|---|---|---|---|
| Dewey Decimal Classification | PB | . | . | General Stacks | 03.02.2026 | Purchased - Amazon.in | 1574.00 | 851.1 SAN | 40707 | 03.02.2026 | 03.02.2026 | BOOKs | Recommended by Dr. Atreyee Majumder |